00224nam a2200097Ia 4500008004100000041000800041082000900049100001700058245002500075260002600100231212s1967 xx 000 0 und d aeng a1.64 aRammo Murthy aThyristers And Their aLondonbTata Mcc1967